International Journal of Social Sciences and Education Research

Salvato in:
Dettagli Bibliografici
Natura: Periodico
Lingua:inglese
turco
Pubblicazione: Isparta Mahmut DEMİR
Tags: Aggiungi Tag
Nessun Tag, puoi essere il primo ad aggiungerne!!

MARC

LEADER 00000nls a2200000 4500
001 0267193
005 20260204145942.5
022 |a 2149-5939 
041 0 |a eng 
041 0 |a tur 
044 |a TR 
245 1 0 |a International Journal of Social Sciences and Education Research 
264 1 |a Isparta  |b Mahmut DEMİR